Statistics for Military Phonetic Alphabet

Click here to take the quiz!

General Stats

  • This quiz has been taken 2,624 times
    (2,615 since last reset)
  • The average score is 17 of 26

Answer Stats

Hint Answer % Correct
AAlpha
100%
CCharlie
97%
DDelta
97%
BBravo
95%
FFoxtrot
93%
EEcho
92%
HHotel
81%
GGolf
79%
IIndia
77%
KKilo
74%
LLima
74%
JJuliett
72%
MMike
65%
NNovember
64%
OOscar
63%
RRomeo
58%
QQuebec
57%
TTango
56%
PPapa
55%
SSierra
53%
UUniform
45%
XX-ray
43%
VVictor
42%
WWhiskey
40%
ZZulu
39%
YYankee
36%

Score Distribution

Percentile by Number Answered

Percent of People with Each Score

Your Score History

You have not taken this quiz since the last reset